| 000 | 00939nam a2200253 a 4500 | ||
|---|---|---|---|
| 001 | 000042253 | ||
| 005 | 20240226144327.0 | ||
| 008 | 131120s1978 sp 000 p spa d | ||
| 020 | _a840180955X | ||
| 040 |
_aDO-SdBNP _bspa _cBNPHU |
||
| 082 |
_a861.62 _bD542a |
||
| 100 | 1 |
_aDíaz-Plaja, Guillermo, _d1909-1984 _916967 |
|
| 245 | 1 | 0 |
_aAtlas lírico (1973-1977) : _bseguido de conciencia del otoño / _cGuillermo Díaz-Plaja. |
| 260 |
_aBarcelona : _bPlaza & Janés, _bEsplugas de Llobregat, Barcelona, _c1978. |
||
| 300 |
_a234 p. ; _c19 cm. |
||
| 490 | 1 | _aSelecciones de poesía española | |
| 563 | _aDos obras encuadernadas juntas con paginación continua | ||
| 650 | 4 |
_aPoesía europea _969279 |
|
| 650 | 4 |
_aPoesía grécia _969280 |
|
| 650 | 4 |
_aPoesía brasileña _9822 |
|
| 700 | 1 | 2 |
_aDíaz-Plaja, Guillermo, _d1909-1984 _916967 |
| 830 | 0 |
_aSelecciones de poesía española _969282 |
|
| 910 | _aValidado. Control de calidad MFF | ||
| 999 |
_c41742 _d41742 |
||